| 000 | 00000nam 2200000za 4500 |
| 001 | 9.660214 |
| 003 | CaOODSP |
| 005 | 20240207110923 |
| 007 | ta |
| 008 | 150407|1998||||xxc||||| f|0| 0 fre d |
| 020 | |a0-662-63598-1 |
| 040 | |aCaOODSP|bfre |
| 041 | |aeng |
| 041 | |afre |
| 043 | |an-cn--- |
| 086 | 1 |aSE1-2/1998 |
| 245 | 00|aRapport du directeur général des élections du Canada : |bsur l'élection partielle dans Port Moody-Coquitlam. |
| 260 | |aOttawa : |bÉlections Canada, |c1998. |
| 300 | |a14 p. : |bgraphiques ; |c28 cm. |
| 520 | 3 |aDonnées de catalogage avant publication (Canada) imprimées dans cette publication. «Ce rapport au président de la Chambre des communes fait suite à l'élection partielle tenue le 30 mars 1998 dans la circonscription de Port Moody-Coquitlam, en Colombie-Britannique. Il porte sur cette élection, de même que sur les activités menées par Élections Canada depuis le dépôt de mon rapport sur l'élection générale du 2 juin 1997. Il me fournit aussi l'occasion de donner un aperçu des défis que nous réserve l'avenir.»--Page 1. |
| 546 | |aBilingue |
| 563 | |aCouverture souple |
| 590 | |a98-44|b1998-10-30 |
| 691 | 07|aÉlection partielle|2gcpds |
| 710 | 2 |aÉlections Canada. |
| 776 | 0#|tRapport du directeur général des élections du Canada sur l'élection partielle dans Port Moody-Coquitlam |w(CaOODSP)9.639927 |
| 776 | 0#|tReport of the Chief Electoral Officer of Canada following the Port Moody-Coquitlam by-election |w(CaOODSP)9.695830 |
| 791 | |tReport of the Chief Electoral Officer of Canada : |eeng|w(CaOODSP)9.660213 |